Typing Speed Challenge Quiz Stats

 Plays Quiz Updated Oct 31, 2020

Support Sporcle.
Go Orange.
Score 0/106 Timer 03:00
3 Plays Today
Text to type Your typing % Correct
This is oneThis is one
99.4%
interesting game becauseinteresting game because
97.1%
the number ofthe number of
97%
answers you getanswers you get
96.2%
right tells youright tells you
95.9%
what your typingwhat your typing
95.3%
speed is, inspeed is, in
95.1%
words per minute.words per minute.
94.7%
That's why thereThat's why there
94.1%
are just threeare just three
94%
words in eachwords in each
93.8%
box. Since therebox. Since there
93.4%
are three minutesare three minutes
93.1%
in total, within total, with
92.8%
three words perthree words per
92.5%
box, you getbox, you get
92.2%
your speed, doyour speed, do
91.8%
you see how you see how
91.6%
it works? Now, it works? Now
91.1%
one thing thatone thing that
90.7%
we don't likewe don't like
90.3%
is that youis that you
90.1%
don't have todon't have to
89.7%
capitalize or putcapitalize or put
88.7%
any punctuation in,any punctuation in,
87.5%
so the speedso the speed
87.1%
is likely inflated.is likely inflated.
86.2%
Also, we hadAlso, we had
85.6%
to get ridto get rid
85.1%
of most words of most words
84.3%
like 'the' because like 'the' because
82.9%
they are notthey are not
82.3%
considered when evaluatingconsidered when evaluating
80.1%
answers. So faranswers. So far
78.9%
you are probablyyou are probably
77.6%
beginning to getbeginning to get
76.2%
Text to type Your typing % Correct
fatigued since itfatigued since it
75%
will have beenwill have been
74%
close to threeclose to three
72.9%
minutes for mostminutes for most
71.4%
people. If youpeople. If you
70.1%
are here, congratulations,are here, congratulations,
67.1%
as you are as you are
66.1%
above average! Nowabove average! Now
63.8%
we have alwayswe have always
62.2%
admired those professionaladmired those professional
58.8%
typists who can typists who can
56.6%
type at overtype at over
55%
one hundred wordsone hundred words
52.5%
per minute. Thisper minute. This
50.5%
quiz will probablyquiz will probably
47.6%
not be ablenot be able
46.2%
to accommodate themto accommodate them
42.3%
well. They can well. They can
40.7%
finish their projectsfinish their projects
37.8%
on the computer on the computer
35.9%
faster than anyonefaster than anyone
33.7%
else not because else not because
31.7%
they can thinkthey can think
30.3%
faster, but becausefaster, but because
28%
they can typethey can type
26.7%
at amazing speeds!at amazing speeds!
24.8%
Isn't that goodIsn't that good
23.1%
strategy for shorteningstrategy for shortening
20.5%
time required fortime required for
18.9%
homework without actuallyhomework without actually
16.6%
learning anything new?learning anything new?
15.1%
Wow, that sentenceWow, that sentence
13.8%
had horrible grammarhad horrible grammar
12.5%
since as wesince as we
11.7%
said earlier, wesaid earlier, we
10.7%
were trying to were trying to
9.9%
Text to type Your typing % Correct
not use indefinitenot use indefinite
9%
and definite articles. and definite articles.
7.9%
Anyway, if youAnyway, if you
7.4%
are reading thisare reading this
6.8%
and still are and still are
6.2%
busily trying tobusily trying to
5.6%
beat the clockbeat the clock
5.1%
then we highlythen we highly
4.7%
praise your skills. praise your skills.
4.1%
we don't knowwe don't know
3.9%
many people whomany people who
3.5%
can write stuffcan write stuff
3.2%
this quickly onthis quickly on
2.9%
computer keyboards. Although,computer keyboards. Although,
2.4%
we must admit we must admit
2.3%
that when we'rethat when we're
2.1%
in the localin the local
1.9%
library, we hearlibrary, we hear
1.8%
people clacking awaypeople clacking away
1.6%
on those keyson those keys
1.5%
and we just and we just
1.4%
can't believe theycan't believe they
1.2%
have such mastery.have such mastery.
1.1%
It's like playingIt's like playing
1%
piano, where practicepiano, where practice
0.9%
makes perfect. Currently,makes perfect. Currently
0.8%
we're running outwe're running out
0.7%
of things toof things to
0.7%
type, so iftype, so if
0.7%
you're still notyou're still not
0.6%
Thanks, and bye!Thanks, and bye!
0.6%
done, consider jobsdone, consider jobs
0.6%
in typing, ifin typing, if
0.5%
you haven't already. you haven't already.
0.5%

From the Vault

Alanis Morissette's Other Hand

by SporcleEXP

Music 2m
What it all comes down to is that everything's gonna be fine fine fine.
Remove Ads.
Support Sporcle.
Get the best of Sporcle when you Go Orange. This ad-free experience offers more features, more stats, and more fun while also helping to support Sporcle. Thank you for becoming a member.

Show Comments

Extras

Top Quizzes Today


Score Distribution

Your Account Isn't Verified!

In order to create a playlist on Sporcle, you need to verify the email address you used during registration. Go to your Sporcle Settings to finish the process.

Report this User

Report this user for behavior that violates our Community Guidelines.

Details: